000
00275nam a2200109Ia 4500
008
230907s9999||||xx |||||||||||||| ||und||
082
_a
333.79,NAR
100
_a
Narbel, Patrick.
_9
115090
245
0
_a
Energy Technologies and Economics/
300
_a
x, 255 p.:
942
_c
BK
999
_c
597526
_d
597526